Capitales de l'Amérique du Sud (AVEC CARTE) - Quiz - Statistiques

Statistiques générales
  • Ce quiz a été pris 456 fois
  • Le résultat moyen est 8 sur 12
Réponses sur la Carte
Les réponses sont colorées sur une échelle allant du rouge au vert en fonction du pourcentage des utilisateurs qui les ont devinées à leur premier essai. Vous pouvez retrouver ces pourcentages ci-dessous.
 
Statistiques - réponses
Réponse % Correct
Brasília
95%
Buenos Aires
88%
Lima
83%
Bogotá
79%
La Paz/Sucre
79%
Montevideo
78%
Santiago
75%
Caracas
66%
Quito
63%
Asunción
56%
Georgetown
46%
Paramaribo
37%
Aucun quiz correspondant
Distribution des résultats
% des personnes avec chaque résultat
Percentile par nombre de réponses
Votre historique - résultats
Vous n’avez pas pris ce quiz